| 000 | 00532nam a2200205Ia 4500 | ||
|---|---|---|---|
| 005 | 20260429112052.0 | ||
| 008 | 260429s9999||||xx |||||||||||||| ||und|| | ||
| 020 | _a9798887151007 | ||
| 041 | _aEnglish | ||
| 082 |
_a659.2 _bRAD |
||
| 100 | _aRadcliff, Hugo P. | ||
| 245 | 0 |
_aPublic relations and media / _cHugo P. Radcliff |
|
| 250 | _a1st ed. | ||
| 260 |
_aDublin : _bOryson Press, _c2023. |
||
| 300 | _ax, 278 p.; hb | ||
| 650 | _a Communication | ||
| 650 | _a Media studies | ||
| 650 | _aPublic relations | ||
| 942 | _cTB | ||
| 999 |
_c52185 _d52185 |
||